RTB sublets above 40% (Record no. 84910)

MARC details
000 -LEADER
fixed length control field 00898cab a22002295a 4500
001 - CONTROL NUMBER
control field L159685
008 - FIXED-LENGTH DATA ELEMENTS--GENERAL INFORMATION
fixed length control field 171211e2017 xxk 000 0 eng d
035 ## - SYSTEM CONTROL NUMBER
System control number (Sirsi) u159685
041 0# - LANGUAGE CODE
Language code of text/sound track or separate title eng
100 1# - MAIN ENTRY--PERSONAL NAME
Personal name Barker, Nathaniel
245 00 - TITLE STATEMENT
Title RTB sublets above 40%
260 ## - PUBLICATION, DISTRIBUTION, ETC.
Date of publication, distribution, etc. 2017
490 ## - SERIES STATEMENT
Series statement Inside Housing
Volume/sequential designation 8 December 2017, 1-2, 12-13(4)
520 ## - SUMMARY, ETC.
Summary, etc. Reveals that the number of former council homes sold to their tenants under the Right to Buy Scheme which are being privately let in England has reached 40%, a 7% increase on the 2015 figures. Lists the top 8 local authorities with the highest level of subletting with Milton Keynes, Bolsover and Brighton and Hove appearing in the top three.
590 ## - LOCAL NOTE (RLIN)
Local note KA
650 24 - SUBJECT ADDED ENTRY--TOPICAL TERM
Topical term or geographic name entry element RIGHT TO BUY
650 24 - SUBJECT ADDED ENTRY--TOPICAL TERM
Topical term or geographic name entry element SUBLETTING
650 24 - SUBJECT ADDED ENTRY--TOPICAL TERM
Topical term or geographic name entry element PRIVATE RENTED SECTOR
651 #4 - SUBJECT ADDED ENTRY--GEOGRAPHIC NAME
Geographic name England
690 ## - LOCAL SUBJECT ADDED ENTRY--TOPICAL TERM (OCLC, RLIN)
Topical term or geographic name as entry element Residential property
9 (RLIN) 6266
942 ## - ADDED ENTRY ELEMENTS (KOHA)
Suppress in OPAC 0
Source of classification or shelving scheme Dewey Decimal Classification
Holdings
Withdrawn status Lost status Source of classification or shelving scheme Damaged status Not for loan Home library Current library Shelving location Date acquired Total Checkouts Full call number Barcode Date last seen Copy number Price effective from Koha item type
    Dewey Decimal Classification     London London Journal article 11/12/2017   L159685 159685-1001 06/08/2019 1 06/08/2019 Journal article